MARC details
| 000 -CABECERA |
| campo de control de longitud fija |
01383nam a2200277 a 4500 |
| 001 - NÚMERO DE CONTROL |
| campo de control |
000021101 |
| 003 - IDENTIFICADOR DEL NÚMERO DE CONTROL |
| campo de control |
DO-SdBNP |
| 005 - FECHA Y HORA DE LA ÚLTIMA TRANSACCIÓN |
| campo de control |
20211208111115.0 |
| 008 - DATOS DE LONGITUD FIJA--INFORMACIÓN GENERAL |
| campo de control de longitud fija |
100831s1998 dr 001 0 spa d |
| 040 ## - FUENTE DE LA CATALOGACIÓN |
| Centro catalogador/agencia de origen |
DO-SdBNP |
| Lengua de catalogación |
spa |
| Centro/agencia transcriptor |
BNPHU |
| 082 #4 - NÚMERO DE LA CLASIFICACIÓN DECIMAL DEWEY |
| Número de clasificación |
972.9368 |
| Número de documento/Ítem |
C345y |
| Número de edición |
22 |
| 100 1# - ENTRADA PRINCIPAL--NOMBRE DE PERSONA |
| Nombre de persona |
Cassó, Antonio de Jesús, |
| Fechas asociadas al nombre |
1928- |
| 9 (RLIN) |
27238 |
| 245 10 - MENCIÓN DE TÍTULO |
| Título |
Yuna y pueblo viejo / |
| Mención de responsabilidad, etc. |
Antonio de Jesús Cassó ; prólogo Julio Tejeda. |
| 246 14 - FORMA VARIANTE DE TÍTULO |
| Título propio/Titulo breve |
Yuna y pueblo viejo: |
| Resto del título |
memoria de un hombre y su pueblo |
| 260 ## - PUBLICACIÓN, DISTRIBUCIÓN, ETC. |
| Lugar de publicación, distribución, etc. |
Santo Domingo : |
| Nombre del editor, distribuidor, etc. |
Amigo del Hogar, |
| Fecha de publicación, distribución, etc. |
1998. |
| 300 ## - DESCRIPCIÓN FÍSICA |
| Extensión |
302 p. : |
| Otras características físicas |
il., retrs. ; |
| Dimensiones |
23 cm. |
| 505 0# - NOTA DE CONTENIDO CON FORMATO |
| Nota de contenido con formato |
Prólogo / |
| Mención de responsabilidad |
Julio Tejeda -- |
| Título |
Yuna y Pueblo Viejo -- |
| -- |
Canto al Yuna -- |
| -- |
Los primeros recuerdos -- |
| -- |
Década de los años 1940 -- |
| -- |
La década del 1950 -- |
| -- |
Casos médicos -- |
| -- |
La década de 1960 -- |
| -- |
La década de 1970 -- |
| -- |
De las décadas de los años 1980 y 1990 -- |
| -- |
Aspiración máxima. |
| 650 #4 - PUNTO DE ACCESO ADICIONAL DE MATERIA--TÉRMINO DE MATERIA |
| Término de materia o nombre geográfico como elemento de entrada |
Ciudades y pueblos |
| Subdivisión general |
Historia |
| Subdivisión geográfica |
República Dominicana |
| 9 (RLIN) |
12424 |
| 651 #4 - PUNTO DE ACCESO ADICIONAL DE MATERIA--NOMBRE GEOGRÁFICO |
| Nombre geográfico |
Sánchez Ramírez (República Dominicana) |
| Subdivisión general |
Historia local |
| 9 (RLIN) |
44120 |
| 651 #4 - PUNTO DE ACCESO ADICIONAL DE MATERIA--NOMBRE GEOGRÁFICO |
| Nombre geográfico |
Sánchez Ramírez (República Dominicana) |
| Subdivisión general |
Vida social y costumbres |
| 9 (RLIN) |
44121 |
| 651 #4 - PUNTO DE ACCESO ADICIONAL DE MATERIA--NOMBRE GEOGRÁFICO |
| Nombre geográfico |
Cotuí (República Dominicana) |
| 9 (RLIN) |
8423 |
| 651 #4 - PUNTO DE ACCESO ADICIONAL DE MATERIA--NOMBRE GEOGRÁFICO |
| Nombre geográfico |
República Dominicana |
| Subdivisión general |
Historia |
| -- |
Anécdotas, chistes, sátiras, etc. |
| 9 (RLIN) |
44122 |
| 700 1# - PUNTO DE ACCESO ADICIONAL--NOMBRE DE PERSONA |
| Nombre de persona |
Tejeda, Julio, |
| Término indicativo de función/relación |
pról. |
| 9 (RLIN) |
44123 |
| 910 ## - DATOS DE OPCIÓN DEL USUARIO (OCLC) |
| Datos de opción del usuario |
Validado. Control de calidad |
| 942 ## - ELEMENTOS DE PUNTO DE ACCESO ADICIONAL (KOHA) |
| Fuente del sistema de clasificación o colocación |
Dewey Decimal Classification |
| Tipo de ítem Koha |
Libro |